| 000 | 01110nam a22002537a 4500 | ||
|---|---|---|---|
| 005 | 20240305165501.0 | ||
| 007 | cr|||| |||| | ||
| 008 | 180313s2016 br |||||s|||| 00||0 por d | ||
| 020 | _a978-85-7789-247-1 | ||
| 035 | _a21039 | ||
| 040 | _avLex | ||
| 090 |
_c7469 _d7469 |
||
| 100 | 1 | _aDirceu Barros, Francisco | |
| 245 | 1 | 0 |
_aDireito Penal Interpretado pelo STF e STJ e Comentado pela Doutrina _h[Recurso electrónico] / _cFrancisco Dirceu Barros, Antônio Fernando Cintra |
| 256 | _aServicio en línea | ||
| 260 |
_aSan Pablo: _bJH Mizuno, _c2016 |
||
| 300 | _a1 recurso electrónico | ||
| 506 | 1 |
_aDisponible solo en los productos indicados _dvLex Global _dvLex Global (Academic Edition, excluding Law Schools) _dvLex Global (U.S. Academic Edition, Law Schools) _dvLex Global (U.S. Academic Edition, excluding Law Schools) _dvLex Global (Academic Edition, Law Schools) |
|
| 650 | 0 | 4 |
_aDerecho Penal _zBrasil |
| 700 | 1 | _aCintra, Antônio Fernando | |
| 740 | 0 | _avLex Libros (Servicio en línea) | |
| 856 | 4 | 0 | _uhttps://app.vlex.com/#/sources/direito-penal-interpretado-stf-stj-21039 |
| 942 | _cRAA | ||
| 999 |
_c165707 _d165707 |
||